| 000 -LEADER |
| fixed length control field |
00526nam a22001817a 4500 |
| 005 - DATE AND TIME OF LATEST TRANSACTION |
| control field |
20230425110448.0 |
| 008 - FIXED-LENGTH DATA ELEMENTS--GENERAL INFORMATION |
| fixed length control field |
230425s2019 enk||||| |||| 00| 0 eng d |
| 020 ## - INTERNATIONAL STANDARD BOOK NUMBER |
| International Standard Book Number |
9781138088610x |
| 041 ## - LANGUAGE CODE |
| Language code of text/sound track or separate title |
eng |
| 080 ## - UNIVERSAL DECIMAL CLASSIFICATION NUMBER |
| Universal Decimal Classification number |
159.9+575 B-97 |
| 100 ## - MAIN ENTRY--PERSONAL NAME |
| Personal name |
Buss,D. M. |
| 9 (RLIN) |
17768 |
| 245 ## - TITLE STATEMENT |
| Title |
Evolutionary Psychology : |
| Remainder of title |
The New Science of the Mind |
| Statement of responsibility, etc. |
David M. Buss. |
| 250 ## - EDITION STATEMENT |
| Edition statement |
Sixth edition |
| 264 ## - PRODUCTION, PUBLICATION, DISTRIBUTION, MANUFACTURE, AND COPYRIGHT NOTICE |
| Place of production, publication, distribution, manufacture |
New York : |
| Name of producer, publisher, distributor, manufacturer |
Routledge, |
| Date of production, publication, distribution, manufacture, or copyright notice |
2019. |
| 300 ## - PHYSICAL DESCRIPTION |
| Extent |
503 p.: |
| Other physical details |
ill.; |
| Dimensions |
28 cm. |
| 653 ## - INDEX TERM--UNCONTROLLED |
| keyword |
ფსიქოლოგია |
| 942 ## - ADDED ENTRY ELEMENTS (KOHA) |
| Source of classification or shelving scheme |
|
| Koha item type |
წიგნი |